000 00851 a2200217 4500
001 32129
005 20260407155622.0
008 260407a1969 arg spa d
003 AR-UNSa-BCEJYS
040 _aAR-UNSa-BCEJYS
_bspa
_cAR-UNSa-BCEJYS
080 _a658.012.4
_xGestión. Dirección. Autoridad. Técnicas y métodos de gestión (gestión del conocimiento, Outsourcing, Benchmarking...)
245 1 0 _aTécnicas modernas de gestión de empresas
264 1 _aMadrid :
_bAguilar
_c1969
300 _a679 p.
_c22 cm.
505 _a1. Los problemas de estructura - 2. Los métodos - 3. Aplicación de los métodos modernos a los grandes problemas de la empresa - 4. Información y automatización.
041 _aspa
942 _cBK
590 _aniveau_biblio:m niveau_hierar:0
100 1 _aCuervo, Luis Mauricio
700 1 _aHierche, Henri
999 _c2255
_d2255